The romance factor. (Record no. 17084)

000 -LEADER
fixed length control field 00494nam a2200169 a 4500
001 - CONTROL NUMBER
control field :::00020789$&:&@@
003 - CONTROL NUMBER IDENTIFIER
control field OkBaRHE
005 - DATE AND TIME OF LATEST TRANSACTION
control field 20030508134446.0
008 - FIXED-LENGTH DATA ELEMENTS--GENERAL INFORMATION
fixed length control field s1982 j 000 0 eng u
040 ## - CATALOGING SOURCE
Transcribing agency
100 1# - MAIN ENTRY--PERSONAL NAME
Personal name McGinnis, Alan Loy
245 14 - TITLE STATEMENT
Title The romance factor.
260 ## - PUBLICATION, DISTRIBUTION, ETC. (IMPRINT)
Place of publication, distribution, etc San Francisco, CA
Name of publisher, distributor, etc Harper and Row Plublishers
Date of publication, distribution, etc 1982
300 ## - PHYSICAL DESCRIPTION
Extent 214 p.
942 ## - ADDED ENTRY ELEMENTS (KOHA)
Source of classification or shelving scheme
Koha item type Books
Copies
Barcode Lost status Price effective from Copy number Full call number Date acquired Source of classification or shelving scheme Shelving location Withdrawn status Not for loan Permanent Location Koha item type Damaged status Date last seen
20789 2010-04-141HQ 801 .M472010-04-14 General Stacks  RHEMA Bible Training CollegeBooks 2010-04-14